The Christian missionaries in coastal Maharashtra : (Record no. 8233)
[ view plain ]
| 000 -LEADER | |
|---|---|
| fixed length control field | 01636cam a2200457 i 4500 |
| 001 - CONTROL NUMBER | |
| control field | 884786 |
| 003 - CONTROL NUMBER IDENTIFIER | |
| control field | OSt |
| 005 - DATE AND TIME OF LATEST TRANSACTION | |
| control field | 20190923132309.0 |
| 008 - FIXED-LENGTH DATA ELEMENTS--GENERAL INFORMATION | |
| fixed length control field | 140912s2015 ii ab b 001 0 eng d |
| 010 ## - LIBRARY OF CONGRESS CONTROL NUMBER | |
| LC control number | 2015364732 |
| 020 ## - INTERNATIONAL STANDARD BOOK NUMBER | |
| International Standard Book Number | 9789351480341 |
| 020 ## - INTERNATIONAL STANDARD BOOK NUMBER | |
| International Standard Book Number | 9351480348 |
| 020 ## - INTERNATIONAL STANDARD BOOK NUMBER | |
| International Standard Book Number | 9789351480563 |
| 020 ## - INTERNATIONAL STANDARD BOOK NUMBER | |
| International Standard Book Number | 9351480569 |
| 025 ## - OVERSEAS ACQUISITION NUMBER | |
| Overseas acquisition number | I-E-2015364732; 13-91; 61-26 |
| 029 1# - OTHER SYSTEM CONTROL NUMBER (OCLC) | |
| OCLC library identifier | GBVCP |
| System control number | 822380366 |
| 035 ## - SYSTEM CONTROL NUMBER | |
| System control number | (OCoLC)ocn900401535 |
| 035 ## - SYSTEM CONTROL NUMBER | |
| System control number | (OCoLC)900401535 |
| 035 ## - SYSTEM CONTROL NUMBER | |
| System control number | 884786 |
| 037 ## - SOURCE OF ACQUISITION | |
| Source of stock number/acquisition | Library of Congress -- New Delhi Overseas Office |
| 040 ## - CATALOGING SOURCE | |
| Original cataloging agency | DKAGE |
| Language of cataloging | eng |
| Description conventions | rda |
| Transcribing agency | DKAGE |
| Modifying agency | DLC |
| -- | OCLCF |
| -- | ZCU |
| -- | MYG |
| -- | GBVCP |
| -- | PTS |
| 042 ## - AUTHENTICATION CODE | |
| Authentication code | lccopycat |
| -- | lcode |
| 043 ## - GEOGRAPHIC AREA CODE | |
| Geographic area code | a-ii--- |
| 049 ## - LOCAL HOLDINGS (OCLC) | |
| Holding library | PTSS |
| 050 00 - LIBRARY OF CONGRESS CALL NUMBER | |
| Classification number | BV3265.3 |
| Item number | .K43 2015 |
| 082 04 - DEWEY DECIMAL CLASSIFICATION NUMBER | |
| Classification number | 266 |
| Edition number | 23 |
| Item number | K45C |
| 100 1# - MAIN ENTRY--PERSONAL NAME | |
| Personal name | Khandpekar, Neeta M., |
| Relator term | author. |
| 245 14 - TITLE STATEMENT | |
| Title | The Christian missionaries in coastal Maharashtra : |
| Remainder of title | encapsuling their historical, social, educational, medical & literary endeavours / |
| Statement of responsibility, etc. | Dr. Neeta M. Khandpekar, D. Litt. |
| 264 #1 - PRODUCTION, PUBLICATION, DISTRIBUTION, MANUFACTURE, AND COPYRIGHT NOTICE | |
| Place of production, publication, distribution, manufacture | New Delhi : |
| Name of producer, publisher, distributor, manufacturer | Christian World Imprints, |
| Date of production, publication, distribution, manufacture, or copyright notice | 2015. |
| 300 ## - PHYSICAL DESCRIPTION | |
| Extent | xxiv, 374 pages : |
| Other physical details | illustrations (some colour), maps ; |
| Dimensions | 23 cm |
| 336 ## - CONTENT TYPE | |
| Content type term | text |
| Content type code | txt |
| Source | rdacontent |
| 337 ## - MEDIA TYPE | |
| Media type term | unmediated |
| Media type code | n |
| Source | rdamedia |
| 338 ## - CARRIER TYPE | |
| Carrier type term | volume |
| Carrier type code | nc |
| Source | rdacarrier |
| 504 ## - BIBLIOGRAPHY, ETC. NOTE | |
| Bibliography, etc. note | Includes bibliographical references (pages [345]-366) and index. |
| 650 #0 - SUBJECT ADDED ENTRY--TOPICAL TERM | |
| Topical term or geographic name entry element | Missionaries |
| Geographic subdivision | India |
| -- | Maharashtra. |
| 650 #7 - SUBJECT ADDED ENTRY--TOPICAL TERM | |
| Authority record control number or standard number | (DE-601)106227602 |
| -- | (DE-588)4039567-4 |
| Topical term or geographic name entry element | Mission. |
| Source of heading or term | gnd |
| 651 #0 - SUBJECT ADDED ENTRY--GEOGRAPHIC NAME | |
| Geographic name | Maharashtra (India) |
| General subdivision | Church history. |
| 651 #7 - SUBJECT ADDED ENTRY--GEOGRAPHIC NAME | |
| Authority record control number or standard number | (DE-601)106239686 |
| -- | (DE-588)4037057-4 |
| Geographic name | Maharashtra. |
| Source of heading or term | gnd |
| 942 ## - ADDED ENTRY ELEMENTS (KOHA) | |
| Source of classification or shelving scheme | Dewey Decimal Classification |
| Koha item type | Books |
| 945 ## - LOCAL PROCESSING INFORMATION (OCLC) | |
| a | MARCIVE20181205 |
| Withdrawn status | Lost status | Source of classification or shelving scheme | Damaged status | Not for loan | Collection code | Home library | Current library | Date acquired | Cost, normal purchase price | Total Checkouts | Full call number | Barcode | Date last seen | Price effective from | Koha item type |
|---|---|---|---|---|---|---|---|---|---|---|---|---|---|---|---|
| Dewey Decimal Classification | Non-fiction | Harvest Mission College | Harvest Mission College | 23.09.2019 | 1350.00 | 266 K45C | 009335 | 23.09.2019 | 23.09.2019 | Books |
